[Event "IND-ch U11 Girls"]
[Site "Visakhapatnam"]
[Date "2023.10.04"]
[Round "7"]
[White "Sasi, Hasini Chintala"]
[Black "Aamuktha, Guntaka"]
[Result "1/2-1/2"]
[WhiteElo "1222"]
[BlackElo "1615"]
[PlyCount "80"]
[EventDate "2023.10.01"]
[EventType "swiss"]
[EventRounds "11"]
[EventCountry "IND"]
[SourceTitle "EXT 2025"]
[Source "ChessBase"]
[SourceDate "2024.10.14"]
[SourceVersion "1"]
[SourceVersionDate "2024.10.14"]
[SourceQuality "1"]

1. d4 d5 2. Bf4 Nf6 3. e3 c5 4. Nf3 Nc6 5. Nbd2 e6 6. c3 Bd6 7. Bg3 0-0 8. Bd3 b6 9. 0-0 Bxg3 10. hxg3 Bb7 11. Re1 Qc7 12. Bb5 Ne7 13. Ne5 a6 14. Bd3 Ne4 15. Qc2 Nxd2 16. Qxd2 f6 17. Nf3 Rad8 18. Qc2 h6 19. Nh4 e5 20. Ng6 e4 21. Nxe7+ Qxe7 22. Be2 f5 23. Rad1 Kh8 24. Rd2 Rd6 25. Red1 Rfd8 26. c4 dxc4 27. Qxc4 Qd7 28. Qc3 a5 29. Kf1 Rd5 30. Ke1 Rc8 31. Qb3 Qc7 32. Bc4 Rd6 33. dxc5 Rxd2 34. Rxd2 Qxc5 35. Rd4 Bc6 36. Qd1 Qb4+ 37. Qd2 Qe7 38. Bd5 Be8 39. a3 Rd8 40. Bb3 Rc8 1/2-1/2